[Event "España ch sub-16"]
[Site "Mondariz ESP"]
[Date "2005.07.12"]
[Round "2.10"]
[White "Velandrino Gomez, Maria Cielo"]
[Black "Remoli Sargues, Francisco"]
[Result "0-1"]
[WhiteElo "2012"]
[BlackElo "2139"]
[PlyCount "147"]
[EventDate "2005.07.11"]
[EventType "swiss"]
[EventRounds "8"]
[EventCountry "ESP"]
[Source "lmi"]
[SourceDate "2005.07.15"]

1. d4 Nf6 2. Nf3 g6 3. Bf4 Bg7 4. e3 O-O 5. c3 d6 6. h3 Nbd7 7. Nbd2 Re8 8. Be2
e5 9. dxe5 Nxe5 10. O-O Bd7 11. a4 Bc6 12. Nd4 Qe7 13. N2f3 Nxf3+ 14. Bxf3 Bxf3
15. Qxf3 Ne4 16. Rfd1 f5 17. Bh2 Qf7 18. a5 a6 19. Rac1 Qc4 20. Ra1 Rad8 21. h4
Be5 22. Bf4 c5 23. Ne2 Qb5 24. h5 Kg7 25. Ng3 Nxg3 26. Qxg3 Bxf4 27. Qxf4 Qc6
28. Qh4 Rd7 29. Rd2 Re4 30. h6+ Kf7 31. Qh3 Re6 32. Rad1 Ke8 33. Qh4 Rde7 34.
Qf4 Kd7 35. b4 Kc7 36. bxc5 Qxc5 37. Rd4 Qe5 38. Rc4+ Kb8 39. Qg5 Ka7 40. Rb4
Qxc3 41. Rdb1 Qc5 42. Qf4 Re4 43. Rxe4 Rxe4 44. Qg5 Qxa5 45. Qf6 Qc7 46. Rd1
Rc4 47. g3 Rc6 48. Qd4+ b6 49. Qg7 Kb7 50. Qb2 b5 51. Qd4 Qb6 52. Qg7+ Rc7 53.
Qf6 Rd7 54. Qe6 Qc6 55. Qb3 d5 56. Qb2 a5 57. Ra1 Qb6 58. Ra3 b4 59. Ra4 d4 60.
exd4 Rxd4 61. Qa1 Qd8 62. Kh2 Ka6 63. Rxa5+ Qxa5 64. Qxd4 b3 65. Qg7 Qb6 66.
Qb2 Qe6 67. Qc3 Kb5 68. Qd3+ Kb4 69. Qd2+ Ka3 70. Qa5+ Kb2 71. Qd2+ Ka1 72.
Qa5+ Kb1 73. Qa4 Qd5 74. Qa6 0-1

[Event "España ch sub-16"]
[Site "Mondariz ESP"]
[Date "2005.07.12"]
[Round "2.11"]
[White "Ferreiro Pailos, Alejandro"]
[Black "De Nacimiento Montaño, Angel"]
[Result "1-0"]
[WhiteElo "2112"]
[BlackElo "2003"]
[PlyCount "49"]
[EventDate "2005.07.11"]
[EventType "swiss"]
[EventRounds "8"]
[EventCountry "ESP"]
[Source "lmi"]
[SourceDate "2005.07.15"]

1. e4 c5 2. Nf3 d6 3. d4 cxd4 4. Nxd4 Nf6 5. Nc3 g6 6. f4 Nc6 7. Be2 Bg7 8. Be3
O-O 9. Nb3 a5 10. a4 Be6 11. O-O Bxb3 12. cxb3 e6 13. Bf3 Nb4 14. Rc1 d5 15. e5
Nd7 16. Nb5 f6 17. Nc7 fxe5 18. Nxe6 Qe7 19. Nxf8 Rxf8 20. Bxd5+ Kh8 21. Re1
Qh4 22. g3 Qh3 23. Bg2 Qf5 24. Rc7 Nf6 25. Bc5 1-0

[Event "España ch sub-16"]
[Site "Mondariz ESP"]
[Date "2005.07.12"]
[Round "2.12"]
[White "Hernandez Funes, Ruben"]
[Black "Fernandez Losada, Daniel"]
[Result "0-1"]
[WhiteElo "2019"]
[BlackElo "2108"]
[PlyCount "84"]
[EventDate "2005.07.11"]
[EventType "swiss"]
[EventRounds "8"]
[EventCountry "ESP"]
[Source "lmi"]
[SourceDate "2005.07.15"]

1. e4 c5 2. Nf3 a6 3. c4 Nc6 4. d4 cxd4 5. Nxd4 d6 6. Nc3 g6 7. Be2 Bg7 8. Be3
Nf6 9. O-O O-O 10. Nb3 Be6 11. f3 Rc8 12. Rc1 Ne5 13. Nd5 Bxd5 14. cxd5 Rxc1
15. Qxc1 Qd7 16. Qd2 Rc8 17. Rc1 Ne8 18. f4 Rxc1+ 19. Qxc1 Ng4 20. Bxg4 Qxg4
21. Nd4 Nf6 22. h3 Qg3 23. Ne2 Qh4 24. Bf2 Qh6 25. Qc8+ Bf8 26. Qxb7 Nxe4 27.
Qxa6 g5 28. Qd3 Nxf2 29. Kxf2 gxf4 30. Qf5 Bg7 31. b4 Qh4+ 32. Kf1 f3 33. Qc8+
Bf8 34. Qg4+ Qxg4 35. hxg4 fxe2+ 36. Kxe2 e6 37. b5 Be7 38. b6 Bd8 39. b7 Bc7
40. a4 Kf8 41. a5 Ke7 42. a6 Bb8 0-1

[Event "España ch sub-16"]
[Site "Mondariz ESP"]
[Date "2005.07.12"]
[Round "2.13"]
[White "Rubio Mejia, Luis Ignacio"]
[Black "Alarcia Astiz, Carlos"]
[Result "0-1"]
[WhiteElo "2004"]
[BlackElo "2091"]
[PlyCount "120"]
[EventDate "2005.07.11"]
[EventType "swiss"]
[EventRounds "8"]
[EventCountry "ESP"]
[Source "lmi"]
[SourceDate "2005.07.15"]

1. d4 d5 2. c4 e6 3. Nc3 Nf6 4. cxd5 exd5 5. Bg5 c6 6. Qc2 Be7 7. e3 O-O 8. Bd3
Nbd7 9. Nge2 Re8 10. O-O Nf8 11. f3 g6 12. Bh4 Ne6 13. Bf2 c5 14. dxc5 Nxc5 15.
Bb5 Bd7 16. Bxd7 Ncxd7 17. Nf4 Qa5 18. Rad1 Nb6 19. Qb3 Rad8 20. Rd3 Rd7 21.
Qb5 Qxb5 22. Nxb5 a6 23. Nc3 Bc5 24. Re1 Kg7 25. Bh4 Re5 26. Bf2 h6 27. Kf1 g5
28. Nh3 Nc4 29. b3 Nxe3+ 30. Bxe3 Bxe3 31. Rexe3 Rxe3 32. Rxe3 d4 33. Rd3 dxc3
34. Rxc3 Rd2 35. Rc7 b5 36. a4 bxa4 37. bxa4 Ra2 38. Nf2 Nd5 39. Rc1 Ne3+ 40.
Kg1 Rxa4 41. Ne4 Ra2 42. g3 Nf5 43. Rc3 a5 44. g4 Nd4 45. Rd3 Ne2+ 46. Kf1 Nf4
47. Rd7 Ng6 48. Ng3 Kf6 49. Nf5 Rxh2 50. Rb7 a4 51. Rb6+ Ke5 52. Rb5+ Kf4 53.
Rb4+ Kxf3 54. Nd4+ Kxg4 55. Ne2+ Kf3 56. Ng1+ Ke3 57. Rxa4 Nf4 58. Ra3+ Nd3 59.
Nf3 Rf2+ 60. Kg1 Rxf3 0-1

[Event "España ch sub-16"]
[Site "Mondariz ESP"]
[Date "2005.07.12"]
[Round "2.14"]
[White "Guadamuro Torrente, Ana Isabel"]
[Black "Garcia Millan, Laura"]
[Result "1-0"]
[WhiteElo "2084"]
[BlackElo "1983"]
[PlyCount "67"]
[EventDate "2005.07.11"]
[EventType "swiss"]
[EventRounds "8"]
[EventCountry "ESP"]
[Source "lmi"]
[SourceDate "2005.07.15"]

1. e4 e6 2. Nf3 d5 3. Nc3 d4 4. Ne2 c5 5. c3 Nf6 6. d3 Nc6 7. g3 e5 8. Bg2 Be7
9. O-O O-O 10. Nh4 Bg4 11. h3 Be6 12. f4 exf4 13. Nxf4 Ne5 14. Nf3 Nxf3+ 15.
Qxf3 Bd6 16. Re1 Be5 17. Bd2 Qa5 18. Ne2 dxc3 19. Nxc3 Rfd8 20. Rad1 Qb6 21.
Na4 Qb5 22. b3 Rxd3 23. Be3 Rxd1 24. Rxd1 b6 25. Bf4 Bd4+ 26. Be3 Bxe3+ 27.
Qxe3 Re8 28. Nc3 Qb4 29. e5 Nd7 30. Bc6 Rd8 31. Qg5 Qxc3 32. Qxd8+ Nf8 33.
Qxf8+ Kxf8 34. Rd8+ 1-0

[Event "España ch sub-16"]
[Site "Mondariz ESP"]
[Date "2005.07.12"]
[Round "3.1"]
[White "Alarcia Astiz, Carlos"]
[Black "Lariño Nieto, David"]
[Result "0-1"]
[WhiteElo "2091"]
[BlackElo "2350"]
[PlyCount "84"]
[EventDate "2005.07.11"]
[EventType "swiss"]
[EventRounds "8"]
[EventCountry "ESP"]
[Source "lmi"]
[SourceDate "2005.07.15"]

1. e4 c5 2. Nf3 d6 3. d4 cxd4 4. Nxd4 Nf6 5. Nc3 a6 6. f4 e6 7. Bd3 Nbd7 8. Nf3
Nc5 9. O-O b5 10. a3 Bb7 11. Qe2 Be7 12. Bd2 d5 13. exd5 Nxd5 14. Ne5 O-O 15.
Rad1 Nxd3 16. Qxd3 Qb6+ 17. Kh1 Rfd8 18. Qg3 a5 19. Nxd5 Rxd5 20. Bc3 f6 21.
Ng4 Kh8 22. Rxd5 Bxd5 23. Bd2 Rc8 24. c3 b4 25. axb4 axb4 26. cxb4 Bxb4 27.
Bxb4 Qxb4 28. Ne3 Be4 29. Qf2 h6 30. h3 Rb8 31. Nd1 Qb3 32. Kh2 Rb4 33. Qd2 Bc6
34. Rf2 Qc4 35. Qc3 Qe4 36. Qd2 Rd4 37. Qc1 h5 38. Nc3 Qd3 39. Qe1 Qf5 40. Qe3
Rd3 41. Qe2 Qg6 42. Nd1 h4 0-1

[Event "España ch sub-16"]
[Site "Mondariz ESP"]
[Date "2005.07.12"]
[Round "3.2"]
[White "Aloma Vidal, Robert"]
[Black "Guadamuro Torrente, Ana Isabel"]
[Result "0-1"]
[WhiteElo "2350"]
[BlackElo "2084"]
[PlyCount "76"]
[EventDate "2005.07.11"]
[EventType "swiss"]
[EventRounds "8"]
[EventCountry "ESP"]
[Source "lmi"]
[SourceDate "2005.07.15"]

1. f4 d5 2. Nf3 Nf6 3. b3 c5 4. e3 Nc6 5. Bb2 e6 6. Bd3 Bd6 7. O-O O-O 8. Ne5
Nb4 9. Be2 Nc6 10. Qe1 Re8 11. Qg3 Ne7 12. d3 Nf5 13. Qh3 d4 14. Nc4 Nxe3 15.
Nxe3 dxe3 16. Qxe3 Qe7 17. Nc3 e5 18. f5 Bd7 19. Ne4 Nxe4 20. dxe4 f6 21. Bc4+
Kh8 22. Rf3 Bc6 23. Rh3 h6 24. Rd1 Bc7 25. Rd3 Qf8 26. Rh4 b5 27. Be6 c4 28.
Ba3 Bb6 29. Bxf8 cxd3 30. Bc5 Bxc5 31. Qxc5 d2 32. Qxc6 d1=Q+ 33. Kf2 Rad8 34.
Bd5 Qd2+ 35. Kf1 Qc1+ 36. Kf2 Rc8 37. Qxb5 Rxc2+ 38. Kf3 Rc3+ 0-1

[Event "España ch sub-16"]
[Site "Mondariz ESP"]
[Date "2005.07.12"]
[Round "3.3"]
[White "Güetas Sanchez, Hugo"]
[Black "Vila Gazquez, Javier"]
[Result "0-1"]
[WhiteElo "2062"]
[BlackElo "2338"]
[PlyCount "68"]
[EventDate "2005.07.11"]
[EventType "swiss"]
[EventRounds "8"]
[EventCountry "ESP"]
[Source "lmi"]
[SourceDate "2005.07.15"]

1. e4 c5 2. Nc3 Nc6 3. g3 g6 4. Bg2 Bg7 5. d3 Rb8 6. Be3 b5 7. Qd2 d6 8. Nge2
Nd4 9. O-O h5 10. b4 Nxe2+ 11. Nxe2 Bxa1 12. Rxa1 cxb4 13. Bxa7 Ra8 14. Qxb4
Nf6 15. e5 Rxa7 16. exf6 O-O 17. Nd4 Ra4 18. Qb2 exf6 19. Nc6 Qd7 20. Qxb5 Ra6
21. Rb1 Kg7 22. Qc4 Qg4 23. f4 Qe6 24. Bd5 Qe3+ 25. Kh1 Re8 26. Nb4 Bg4 27. Rf1
Ra7 28. Nc6 Rc7 29. Kg2 h4 30. Qd4 Qd2+ 31. Rf2 h3+ 32. Kg1 Re1+ 33. Rf1 Rxf1+
34. Kxf1 Qe2+ 0-1

[Event "España ch sub-16"]
[Site "Mondariz ESP"]
[Date "2005.07.12"]
[Round "3.4"]
[White "Huerga Leache, Mikel"]
[Black "Dominguez Pons, Enric"]
[Result "1-0"]
[WhiteElo "2176"]
[BlackElo "2073"]
[PlyCount "41"]
[EventDate "2005.07.11"]
[EventType "swiss"]
[EventRounds "8"]
[EventCountry "ESP"]
[Source "lmi"]
[SourceDate "2005.07.15"]

1. e4 c5 2. Nf3 d6 3. d4 cxd4 4. Nxd4 Nf6 5. f3 a6 6. c4 Nc6 7. Nc3 e6 8. Nc2
Be7 9. Be2 O-O 10. O-O Qc7 11. b3 b6 12. Be3 Rd8 13. Rc1 Rb8 14. Nd4 Bb7 15.
Nd5 Qd7 16. Nxb6 Qe8 17. Na4 Nxd4 18. Bxd4 d5 19. cxd5 exd5 20. e5 Nd7 21. f4
1-0

[Event "España ch sub-16"]
[Site "Mondariz ESP"]
[Date "2005.07.12"]
[Round "3.5"]
[White "Cabrera Trujillo, Jorge"]
[Black "Vallejo Diaz, Javier"]
[Result "1/2-1/2"]
[WhiteElo "2059"]
[BlackElo "2156"]
[PlyCount "57"]
[EventDate "2005.07.11"]
[EventType "swiss"]
[EventRounds "8"]
[EventCountry "ESP"]
[Source "lmi"]
[SourceDate "2005.07.15"]

1. e4 d5 2. exd5 Qxd5 3. Nf3 c6 4. d4 Bg4 5. Be2 Nf6 6. O-O e6 7. c4 Qd8 8. Nc3
Bd6 9. h3 Bxf3 10. Bxf3 O-O 11. Bg5 Nbd7 12. Ne4 Be7 13. Bf4 Nxe4 14. Bxe4 Bf6
15. Be3 Qc7 16. Qe2 Rfe8 17. Rac1 g6 18. Rfd1 Rad8 19. Qc2 Bg7 20. d5 Nf6 21.
Bf3 cxd5 22. cxd5 Qxc2 23. Rxc2 Nxd5 24. Rcd2 Re7 25. Bxd5 Rxd5 26. Rxd5 exd5
27. Rxd5 Bxb2 28. Bxa7 Kg7 29. Be3 1/2-1/2

[Event "España ch sub-16"]
[Site "Mondariz ESP"]
[Date "2005.07.12"]
[Round "3.6"]
[White "Lopez Quevedo, Angel Carlos"]
[Black "Robles Garcia, Claudia"]
[Result "1-0"]
[WhiteElo "2046"]
[BlackElo "2144"]
[PlyCount "71"]
[EventDate "2005.07.11"]
[EventType "swiss"]
[EventRounds "8"]
[EventCountry "ESP"]
[Source "lmi"]
[SourceDate "2005.07.15"]

1. d4 Nf6 2. c4 c5 3. d5 e6 4. Nc3 exd5 5. cxd5 d6 6. e4 g6 7. Bd3 Bg7 8. Nf3
O-O 9. O-O a6 10. a4 Qe7 11. h3 Nbd7 12. Bf4 Nh5 13. Bh2 Ne5 14. Nxe5 Bxe5 15.
f4 Bd4+ 16. Kh1 Qh4 17. Qf3 f5 18. e5 b6 19. Ne2 dxe5 20. fxe5 Bb7 21. Nf4 Nxf4
22. Bxf4 Rad8 23. Bg3 Qg5 24. Bc4 Kh8 25. Rad1 b5 26. axb5 axb5 27. Bb3 Bxb2
28. Bf4 Qh4 29. Qe2 Bd4 30. Rxd4 cxd4 31. e6 Rfe8 32. Qxb5 Ba8 33. Qd3 g5 34.
Be5+ Kg8 35. Qxf5 Qh5 36. Qf6 1-0

[Event "España ch sub-16"]
[Site "Mondariz ESP"]
[Date "2005.07.12"]
[Round "3.7"]
[White "Remoli Sargues, Francisco"]
[Black "Trigo Urquijo, Sergio"]
[Result "0-1"]
[WhiteElo "2139"]
[BlackElo "2045"]
[PlyCount "68"]
[EventDate "2005.07.11"]
[EventType "swiss"]
[EventRounds "8"]
[EventCountry "ESP"]
[Source "lmi"]
[SourceDate "2005.07.15"]

1. e4 d6 2. d4 Nf6 3. Nc3 e5 4. f4 exd4 5. Qxd4 Nc6 6. Bb5 Bd7 7. Qd3 g6 8. Nf3
Bg7 9. Be3 O-O 10. Bxc6 Bxc6 11. Nd4 Bd7 12. O-O-O a6 13. h3 Re8 14. g4 b5 15.
g5 Nh5 16. f5 b4 17. Nd5 c5 18. Nf3 Bb5 19. Qd2 Ng3 20. f6 Bf8 21. Qg2 Nxh1 22.
Qxh1 Bc6 23. Bxc5 dxc5 24. Ne7+ Bxe7 25. Rxd8 Bxd8 26. Nd2 Bc7 27. Qf3 Re6 28.
c3 Rae8 29. Qf2 bxc3 30. bxc3 Bd6 31. Qf1 a5 32. h4 Bxe4 33. Nxe4 Rxe4 34. Qh3
c4 0-1

[Event "España ch sub-16"]
[Site "Mondariz ESP"]
[Date "2005.07.12"]
[Round "3.9"]
[White "Fernandez Losada, Daniel"]
[Black "Mayo Casademont, Marti"]
[Result "1-0"]
[WhiteElo "2108"]
[BlackElo "2041"]
[PlyCount "51"]
[EventDate "2005.07.11"]
[EventType "swiss"]
[EventRounds "8"]
[EventCountry "ESP"]
[Source "lmi"]
[SourceDate "2005.07.15"]

1. e4 e6 2. d4 d5 3. Nc3 Bb4 4. e5 c5 5. a3 Bxc3+ 6. bxc3 Qc7 7. h4 cxd4 8.
cxd4 Qc3+ 9. Bd2 Qxd4 10. Nf3 Qb6 11. h5 Nc6 12. h6 g6 13. Bd3 Nge7 14. Bg5
Qa5+ 15. Kf1 O-O 16. Bf6 Qc7 17. Qd2 Re8 18. Rh3 Nb8 19. Qf4 Nd7 20. Ng5 Nf5
21. Bg7 Nf8 22. g4 Qc3 23. Rb1 Qxa3 24. Bxf5 Qa2 25. Bxg6 Qxb1+ 26. Kg2 1-0

[Event "España ch sub-16"]
[Site "Mondariz ESP"]
[Date "2005.07.12"]
[Round "3.10"]
[White "Valmaña Canto, Jaime"]
[Black "Romero Lopez, Marta"]
[Result "1-0"]
[WhiteElo "2223"]
[BlackElo "2013"]
[PlyCount "65"]
[EventDate "2005.07.11"]
[EventType "swiss"]
[EventRounds "8"]
[EventCountry "ESP"]
[Source "lmi"]
[SourceDate "2005.07.15"]

1. e4 e6 2. d4 d5 3. e5 c5 4. c3 Qb6 5. Nf3 Nc6 6. a3 Nh6 7. b4 cxd4 8. cxd4
Nf5 9. Be3 Bd7 10. Nbd2 Be7 11. Bd3 Nxe3 12. fxe3 f6 13. exf6 Bxf6 14. O-O
O-O-O 15. b5 Na5 16. Qe1 Kb8 17. Rc1 Ka8 18. Qg3 Rc8 19. a4 h6 20. Ne5 Rxc1 21.
Rxc1 Rc8 22. Rxc8+ Bxc8 23. Ndf3 Qd6 24. Qe1 Qc7 25. g4 a6 26. h4 Nb3 27. Qb4
Nc1 28. Bf1 Na2 29. Qf8 Qc3 30. Nc6 bxc6 31. Qxc8+ Ka7 32. Qc7+ Ka8 33. b6 1-0

[Event "España ch sub-16"]
[Site "Mondariz ESP"]
[Date "2005.07.12"]
[Round "3.11"]
[White "Fernandez Borrego, Pablo"]
[Black "Leiva Velasco, David"]
[Result "1/2-1/2"]
[WhiteElo "1979"]
[BlackElo "2203"]
[PlyCount "95"]
[EventDate "2005.07.11"]
[EventType "swiss"]
[EventRounds "8"]
[EventCountry "ESP"]
[Source "lmi"]
[SourceDate "2005.07.15"]

1. e4 e6 2. d4 d5 3. Nc3 Bb4 4. exd5 exd5 5. Bd3 Nf6 6. Nge2 Bg4 7. f3 Bh5 8.
a3 Be7 9. O-O Bg6 10. Bg5 O-O 11. Bxg6 hxg6 12. Nf4 c6 13. Re1 Nbd7 14. Nd3 Re8
15. Kh1 Qb6 16. Ne2 Bd6 17. c3 Nh5 18. Qd2 Qc7 19. g3 Kf8 20. Kg2 Re6 21. Nef4
Nxf4+ 22. Bxf4 Rae8 23. Rxe6 Rxe6 24. Re1 Rxe1 25. Qxe1 Bxf4 26. Nxf4 Nb6 27.
Nd3 Nc4 28. Qe2 Qe7 29. Kf2 Qxe2+ 30. Kxe2 Ke7 31. a4 Kd6 32. b3 Na5 33. b4 Nc4
34. a5 b6 35. axb6 axb6 36. Nf4 Na3 37. Kd3 Nb5 38. h4 Nc7 39. Kd2 Ne8 40. Nd3
f6 41. Nf4 g5 42. hxg5 fxg5 43. Nd3 Nf6 44. Ne5 g4 45. Nxg4 Nxg4 46. fxg4 g5
47. Kd3 Kc7 48. Kc2 1/2-1/2

[Event "España ch sub-16"]
[Site "Mondariz ESP"]
[Date "2005.07.12"]
[Round "3.12"]
[White "Ladron De Guevara Pinto, Miguel"]
[Black "De Nacimiento Montaño, Antonio"]
[Result "1-0"]
[WhiteElo "2145"]
[BlackElo "1999"]
[PlyCount "119"]
[EventDate "2005.07.11"]
[EventType "swiss"]
[EventRounds "8"]
[EventCountry "ESP"]
[Source "lmi"]
[SourceDate "2005.07.15"]

1. e4 c5 2. Nf3 d6 3. d4 cxd4 4. Nxd4 Nf6 5. Nc3 g6 6. Be3 Bg7 7. f3 O-O 8. Qd2
Nc6 9. Bc4 Nxd4 10. Bxd4 Be6 11. Bb3 Qa5 12. O-O-O Rfc8 13. Kb1 Rc7 14. g4 Rac8
15. g5 Nh5 16. Bxg7 Kxg7 17. Qd4+ Kg8 18. Nd5 Bxd5 19. exd5 Qc5 20. Qd2 b5 21.
Rc1 Qb6 22. f4 a5 23. c3 b4 24. cxb4 Qxb4 25. Qxb4 axb4 26. Rxc7 Rxc7 27. Rf1
Kf8 28. f5 Ng7 29. fxg6 hxg6 30. Rf4 Rb7 31. Kc2 Nf5 32. Kd3 Ke8 33. h4 Kd7 34.
h5 Ke8 35. Bd1 Ra7 36. h6 Kf8 37. Rxb4 Kg8 38. Rb8+ Kh7 39. a4 f6 40. gxf6 exf6
41. Rf8 Kxh6 42. Rxf6 Rb7 43. Kc3 Kg5 44. Re6 Rc7+ 45. Kb4 Rc5 46. Bb3 Rc8 47.
Bc4 Kh5 48. Bd3 Rd8 49. Bxf5 gxf5 50. a5 Kg5 51. a6 Rb8+ 52. Ka5 Rxb2 53. Rxd6
f4 54. Rd8 Ra2+ 55. Kb6 Rb2+ 56. Kc5 Ra2 57. d6 Rc2+ 58. Kb4 f3 59. d7 Rd2 60.
Rg8+ 1-0

[Event "España ch sub-16"]
[Site "Mondariz ESP"]
[Date "2005.07.12"]
[Round "3.13"]
[White "Mestre Bellido, Hector"]
[Black "Martin Alvarez, Iñigo"]
[Result "0-1"]
[WhiteElo "2013"]
[BlackElo "2082"]
[PlyCount "66"]
[EventDate "2005.07.11"]
[EventType "swiss"]
[EventRounds "8"]
[EventCountry "ESP"]
[Source "lmi"]
[SourceDate "2005.07.15"]

1. e4 d6 2. d4 Nf6 3. Nc3 e5 4. Nf3 Nbd7 5. Bc4 Be7 6. O-O O-O 7. a4 c6 8. a5
Rb8 9. Qd2 b5 10. axb6 axb6 11. b4 b5 12. Bb3 Bb7 13. Re1 Qc7 14. d5 cxd5 15.
exd5 Qb6 16. Qd3 Ba6 17. Nh4 g6 18. Qg3 Kh8 19. Be3 Qc7 20. Bd2 Nh5 21. Qh3 Bc8
22. g4 Ndf6 23. f3 Nf4 24. Qg3 N6h5 25. gxh5 gxh5 26. Kh1 Rg8 27. Qf2 Nh3 28.
Qf1 Bxh4 29. Re2 Rg1+ 30. Qxg1 Nxg1 31. Rxg1 Bh3 32. Re4 Bf2 33. Rg5 f6 0-1

[Event "España ch sub-16"]
[Site "Mondariz ESP"]
[Date "2005.07.12"]
[Round "3.14"]
[White "Gallart Zafra, Jaume"]
[Black "Lluis Alabedra, Alvar"]
[Result "1-0"]
[WhiteElo "2077"]
[BlackElo "1980"]
[PlyCount "53"]
[EventDate "2005.07.11"]
[EventType "swiss"]
[EventRounds "8"]
[EventCountry "ESP"]
[Source "lmi"]
[SourceDate "2005.07.15"]

1. Nf3 c5 2. g3 Nc6 3. Bg2 d5 4. d3 e5 5. Nbd2 Be6 6. e4 d4 7. Nc4 Bd6 8. a4
Nf6 9. O-O O-O 10. Bg5 Bxc4 11. dxc4 h6 12. Bxf6 Qxf6 13. Qe2 Qe6 14. Nh4 Rfe8
15. f4 exf4 16. gxf4 Bf8 17. Ra3 Na5 18. b3 Rad8 19. e5 Nc6 20. Bd5 Qc8 21. Qh5
Qc7 22. Nf5 Nb4 23. Be4 Qb6 24. Kh1 Rd7 25. Rg1 Kh8 26. Nxg7 Bxg7 27. Qf5 1-0

[Event "España ch sub-16"]
[Site "Mondariz ESP"]
[Date "2005.07.13"]
[Round "4.1"]
[White "Lariño Nieto, David"]
[Black "Lopez Quevedo, Angel Carlos"]
[Result "1/2-1/2"]
[WhiteElo "2350"]
[BlackElo "2046"]
[PlyCount "120"]
[EventDate "2005.07.11"]
[EventType "swiss"]
[EventRounds "8"]
[EventCountry "ESP"]
[Source "lmi"]
[SourceDate "2005.07.15"]

1. e4 c5 2. Nc3 e6 3. g3 d6 4. Bg2 Nc6 5. f4 g6 6. Nf3 Bg7 7. d3 Nge7 8. Be3 b6
9. O-O O-O 10. d4 Bb7 11. Qd2 Rc8 12. Rad1 a6 13. Qf2 Qc7 14. dxc5 dxc5 15. e5
Nf5 16. Ne4 Nce7 17. Nd6 Nd5 18. Nxf5 exf5 19. Nd2 Nxe3 20. Qxe3 Bxg2 21. Kxg2
Qc6+ 22. Qf3 Qxf3+ 23. Kxf3 f6 24. Nc4 fxe5 25. fxe5 Rc6 26. Rd6 Rxd6 27. exd6
Rd8 28. Rd1 Kf7 29. Nxb6 Bxb2 30. Na4 Be5 31. d7 Ke7 32. Nxc5 Bd6 33. Rxd6 Kxd6
34. Nb7+ Kxd7 35. Nxd8 Kxd8 36. g4 Ke7 37. gxf5 gxf5 38. Kf4 Ke6 39. h4 a5 40.
a4 Kf6 41. h5 Ke6 42. c4 Kf6 43. c5 Ke6 44. c6 Kd6 45. Kxf5 Kxc6 46. Kg5 Kd5
47. Kh6 Ke6 48. Kg7 Ke7 49. Kxh7 Kf7 50. h6 Kf8 51. Kg6 Kg8 52. Kf6 Kh7 53. Kg5
Kg8 54. Kf5 Kh7 55. Ke5 Kxh6 56. Kd5 Kg7 57. Kc5 Kf7 58. Kb6 Ke7 59. Kxa5 Kd7
60. Kb6 Kc8 1/2-1/2

[Event "España ch sub-16"]
[Site "Mondariz ESP"]
[Date "2005.07.13"]
[Round "4.3"]
[White "Guadamuro Torrente, Ana Isabel"]
[Black "Huerga Leache, Mikel"]
[Result "1/2-1/2"]
[WhiteElo "2084"]
[BlackElo "2176"]
[PlyCount "107"]
[EventDate "2005.07.11"]
[EventType "swiss"]
[EventRounds "8"]
[EventCountry "ESP"]
[Source "lmi"]
[SourceDate "2005.07.15"]

1. e4 d5 2. exd5 Nf6 3. d4 Bg4 4. Nf3 Qxd5 5. Be2 e6 6. h3 Bh5 7. c4 Qd8 8. Be3
Nbd7 9. Nc3 Be7 10. O-O O-O 11. Qb3 Qc8 12. Rad1 Rd8 13. Rfe1 c5 14. d5 Bxf3
15. Bxf3 Ne5 16. Be2 exd5 17. Nxd5 Nxd5 18. cxd5 Bd6 19. Bf4 Qc7 20. Qc3 Ng6
21. Bxd6 Qxd6 22. Qb3 Rab8 23. Qa4 Ne5 24. Qf4 Ng6 25. Qa4 a6 26. Qc2 Re8 27.
Bf3 Re5 28. Rxe5 Nxe5 29. Be4 g6 30. Qc3 Re8 31. Bc2 Nd7 32. Qf3 Re7 33. Bb3 b5
34. Bc2 c4 35. b3 Nb6 36. bxc4 Nxc4 37. Bb3 Nd2 38. Qc3 Ne4 39. Qd4 Nc5 40. Rc1
Re4 41. Qc3 Nxb3 42. Qxb3 Re5 43. Rd1 h5 44. Qf3 Rf5 45. Qe4 Qc5 46. d6 Rxf2
47. Kh1 Rd2 48. Rxd2 Qc1+ 49. Kh2 Qxd2 50. Qe8+ Kg7 51. Qe5+ Kg8 52. Kg3 Qd3+
53. Kh4 Qd2 54. Qe8+ 1/2-1/2

[Event "España ch sub-16"]
[Site "Mondariz ESP"]
[Date "2005.07.13"]
[Round "4.4"]
[White "Trigo Urquijo, Sergio"]
[Black "Fernandez Losada, Daniel"]
[Result "1/2-1/2"]
[WhiteElo "2045"]
[BlackElo "2108"]
[PlyCount "72"]
[EventDate "2005.07.11"]
[EventType "swiss"]
[EventRounds "8"]
[EventCountry "ESP"]
[Source "lmi"]
[SourceDate "2005.07.15"]

1. e4 c5 2. Nc3 Nc6 3. g3 g6 4. Bg2 Bg7 5. d3 e6 6. f4 Nge7 7. Nf3 O-O 8. Be3
Nd4 9. O-O d6 10. e5 Nef5 11. Bf2 Nxf3+ 12. Qxf3 Nd4 13. Qd1 dxe5 14. fxe5 Bxe5
15. Ne4 Rb8 16. c3 Nc6 17. Bxc5 Re8 18. d4 Bg7 19. Nd6 Re7 20. Nxc8 Rxc8 21.
Bxe7 Nxe7 22. Qf3 Nf5 23. Qxb7 Bh6 24. g4 Nd6 25. Qf3 Qb6 26. Qe2 Nc4 27. Kh1
Nd2 28. d5 Nxf1 29. Rxf1 Qd6 30. dxe6 Qxe6 31. Qxe6 fxe6 32. Re1 Rd8 33. Bf3
Kf7 34. Rd1 Rxd1+ 35. Bxd1 Bc1 36. b3 Kf6 1/2-1/2

[Event "España ch sub-16"]
[Site "Mondariz ESP"]
[Date "2005.07.13"]
[Round "4.5"]
[White "Gallart Zafra, Jaume"]
[Black "Valmaña Canto, Jaime"]
[Result "0-1"]
[WhiteElo "2077"]
[BlackElo "2223"]
[PlyCount "106"]
[EventDate "2005.07.11"]
[EventType "swiss"]
[EventRounds "8"]
[EventCountry "ESP"]
[Source "lmi"]
[SourceDate "2005.07.15"]

1. e4 c5 2. Nc3 Nc6 3. g3 g6 4. Bg2 Bg7 5. Nge2 d6 6. h3 e6 7. O-O Nge7 8. d3
O-O 9. Bf4 d5 10. exd5 Nxd5 11. Nxd5 exd5 12. Nc3 Be6 13. Qd2 Nd4 14. Kh2 Qd7
15. Rfe1 Nf5 16. a4 Rad8 17. a5 Rfe8 18. Bg5 f6 19. g4 fxg5 20. gxf5 Bxf5 21.
Qxg5 d4 22. Ne4 Rf8 23. Ng3 Be6 24. Re2 Qd6 25. Kg1 Bf6 26. Qh6 Bg7 27. Qg5 Bf6
28. Qh6 Bd5 29. Ne4 Qe7 30. Nc3 Be6 31. Bd5 dxc3 32. Rxe6 Rxd5 33. Rxe7 Bxe7
34. Qe3 Rg5+ 35. Kf1 cxb2 36. Rb1 Bf6 37. Rxb2 Rf5 38. Qe6+ Kh8 39. Ra2 Bc3 40.
Qe2 Bd4 41. c4 Rxf2+ 42. Qxf2 Rxf2+ 43. Rxf2 Bxf2 44. Kxf2 Kg7 45. Kf3 Kf6 46.
Ke4 Ke6 47. d4 cxd4 48. Kxd4 Kd6 49. c5+ Kc6 50. h4 h6 51. Kc4 g5 52. h5 a6 53.
Kd4 Kb5 0-1

[Event "España ch sub-16"]
[Site "Mondariz ESP"]
[Date "2005.07.13"]
[Round "4.6"]
[White "Vallejo Diaz, Javier"]
[Black "Valbuena Mota, Alejandro"]
[Result "1-0"]
[WhiteElo "2156"]
[BlackElo "2072"]
[PlyCount "83"]
[EventDate "2005.07.11"]
[EventType "swiss"]
[EventRounds "8"]
[EventCountry "ESP"]
[Source "lmi"]
[SourceDate "2005.07.15"]

1. e4 c5 2. Nf3 d6 3. c3 Nf6 4. Bd3 Nc6 5. Bc2 g6 6. d3 Bg7 7. Nbd2 O-O 8. O-O
b6 9. h3 Qc7 10. Re1 Ba6 11. Nf1 Rac8 12. Bf4 Qd7 13. Qd2 Rfe8 14. Ne3 d5 15.
e5 Nh5 16. Ng4 Nxf4 17. Qxf4 Qf5 18. Nh6+ Bxh6 19. Qxh6 f6 20. g4 Qe6 21. d4
Qf7 22. Ba4 b5 23. Bb3 c4 24. Bc2 Rcd8 25. Re3 Bc8 26. Rae1 b4 27. Ba4 Bb7 28.
Qf4 Rf8 29. e6 Qe8 30. g5 bxc3 31. bxc3 Rd6 32. gxf6 Rxf6 33. Qh4 Qc8 34. Ng5
h5 35. Bc2 Kg7 36. f4 Nd8 37. f5 gxf5 38. Qxh5 Rh6 39. Qe8 Nc6 40. Qf7+ Kh8 41.
Qxf5 Qg8 42. Rg3 1-0